Responses for show #8209 - Thursday, April 23, 2020

Contestants

[<< previous game]

Tim Latham, an accountant from Boston, Massachusetts

Molly Bierman, an engineering program manager from San Francisco, California

Sharon Lawson, an administrative assistant from Lethbridge, Alberta, Canada (whose 1-day cash winnings total $19,601)

[next game >>]

Jeopardy! Round responses

GIVE US A DATE
FICTIONAL TV TOWNS & CITIES
STOCK SYMBOLS
PENNSYLVANIA GEO
HAIRSTYLES
ENDS IN "LL"
    $200 29
February 14th

Sharon
    $200 27
Springfield

Tim
    $200 28
Kellogg

Molly
    $200 30
Philadelphia

Tim
    $200 9
(Tim: [*]?)
(Alex: Pardon?)

dreadlocks

Tim
    $200 26
(Sharon: What's a [*] and crossbones?)
[Accepted without comment]

a skull

Sharon
    $400 19
July 4th

Molly
    $400 25
Buffy the Vampire Slayer

Molly
    $400 12
Visa

Molly
    $400 24
(Alex: Less than a minute now, Tim.)

the Keystone State

Triple Stumper
    $400 8
a mullet

Sharon
    $400 15
an atoll

Sharon
    $600 11
January 20th

Molly
    $600 18
Kansas

Triple Stumper
    $600 5
GE

Tim
    $600 13
Jim Thorpe

Triple Stumper
    $600 7
The Ronettes

Sharon
    $600 22
screwball

Molly
    $800 10
December 7th

Tim
    $800 17
Maine

Tim
    $800 4
Sherwin-Williams

Sharon
    $800 14
the Whiskey Rebellion

Triple Stumper
    $800 2
a flattop

Tim
    $800 21
whitewall

Tim
    $1000 6
November the 5th

Sharon
    $1,800 16
(Sharon: I'm probably gonna kick myself; I have no idea.)

Twin Peaks

Sharon
    $1000 3
Corning

Tim
    $1000 23
the Poconos

Tim
    $1000 1
an afro

Sharon
    $1000 20
dwell

Tim

Scores at the first commercial break (after clue 15):

Sharon Molly Tim
$4,200 $1,000 $3,400

Scores at the end of the Jeopardy! Round:

Sharon Molly Tim
$2,800 $2,600 $7,400

Double Jeopardy! Round responses

EVERY BODY
CHARACTERS IN BEATLES SONGS
FROM THE SANSKRIT
LITERATURE
DRAW ME
LIKE ONE OF YOUR FRENCH GIRLS
    $400 3
the kneecap

Molly
    $400 1
"Lucy In The Sky With Diamonds"

Tim
    $400 26
yoga

Sharon
    $400 27
The Chronicles of Narnia

Molly
    $400 29
Aesop

Sharon
    $400 30
L'Oreal

Molly
    $800 5
vertebrae

Tim
    $800 2
"Sgt. Pepper's Lonely Hearts Club Band"

Sharon
    $800 25
guru

Triple Stumper
    $800 16
on a train

Tim
    $800 28
Louis XIV

Tim
    $800 23
Central Bank

Tim
    $3,000 4
(Molly: What is the... [*]?)
(Alex: [Stretches it out] [*] is right.)
[Laughter and applause]

the liver

Molly
    $1200 10
Eleanor Rigby

Molly
    $1200 9
a rupee

Sharon
    $1200 14
Kidnapped

Triple Stumper
    $1200 13
The Black Duchess (The Duchess of Alba)

Triple Stumper
    $1200 18
(Molly: Who is Amelie?)

Edith Piaf

SharonMolly
    $1600 7
(Molly: What's anabolic?)

diastolic

MollyTim
    $1600 22
"When I'm Sixty-Four"

Sharon
    $1600 8
opal

Molly
    $1600 15
Beowulf

Molly
    $1600 24
(Alex: Less than a minute.)

Sun-tzu

Tim
    $5,000 19
(Sharon: Who is Colette?)
...
(Sharon: Shoot.)
(Alex: Shoot indeed.)

George Sand

Sharon
    $2000 6
the epiglottis

Tim
    $2000 11
Rocky Raccoon

Tim
    $2000 12
the Kama Sutra

Tim
    $2000 17
Sinclair Lewis

Triple Stumper
    $2000 21
Goethe

Triple Stumper
    $2000 20
Saint Bernadette

Triple Stumper

Scores at the end of the Double Jeopardy! Round:

Sharon Molly Tim
$3,400 $8,400 $20,200
(lock game)

[wagering suggestions for these scores]

Final Jeopardy! Round responses

STATESMEN
SharonWhat is Japan?
$3,000
MollyWhat is Vietnam S. Korea?
$0
TimWhat is Japan?
$1,000
Japan

Final scores:

Sharon Molly Tim
$6,400 $8,400 $21,200
3rd place: $1,000 2nd place: $2,000 New champion: $21,200

Game dynamics:

Coryat scores:

Sharon Molly Tim
$10,200 $6,600 $20,200
14 R,
2 W
(including 2 DDs)
13 R
(including 1 DD),
2 W
21 R,
0 W

Combined Coryat: $37,000

The J! Archive is created by fans, for fans. The Jeopardy! game show and all elements thereof, including but not limited to copyright and trademark thereto, are the property of Jeopardy Productions, Inc. and are protected under law. This website is not affiliated with, sponsored by, or operated by Jeopardy Productions, Inc. Join the discussion at JBoard.tv.